[Event "Najdorf op"]
[Site "Buenos Aires"]
[Date "1998.10.26"]
[Round "3"]
[White "Slipak, Sergio"]
[Black "Quiroga, Facundo"]
[Result "1-0"]
[WhiteElo "2500"]
[BlackElo "2370"]

1.d4 Nf6 2.c4 e6 3.Nf3 b6 4.Nc3 Bb4 5.e3 Bb7 6.Bd3 O-O 7.O-O d5 8.cxd5 exd5
9.Ne5 Nbd7 10.f4 Bxc3 11.bxc3 c5 12.Bb2 Ne4 13.Qg4 f5 14.Qe2 Nxe5 15.fxe5 Qd7
16.a4 Qe6 17.a5 c4 18.Bxe4 dxe4 19.Ba3 Rf7 20.axb6 axb6 21.Bd6 Rxa1 22.Rxa1 b5
23.Qb2 h6 24.h3 Qd5 25.Qb4 f4 26.e6 Qxe6 27.Bxf4 Qd5 28.Be5 Bc6 29.Ra6 Rb7
30.Qa5 b4 31.cxb4 Qxa5 32.bxa5 Bb5 33.Rg6 Be8  1-0

[Event "Cap d'Agde-A"]
[Site "Cap d'Agde"]
[Date "1998.10.26"]
[Round "5"]
[White "Azmaiparashvili, Zurab"]
[Black "Vescovi, Giovanni"]
[Result "1-0"]
[WhiteElo "2655"]
[BlackElo "2525"]

1.Nf3 Nf6 2.c4 e6 3.d4 b6 4.Nc3 Bb7 5.a3 d5 6.Bg5 Be7 7.Qa4+ c6 8.Bxf6 Bxf6
9.e4 dxe4 10.Nxe4 O-O 11.Rd1 Nd7 12.c5 Be7 13.Bd3 Qc7 14.O-O Rad8 15.Rfe1 bxc5
16.Nxc5 Nxc5 17.dxc5 Bf6 18.b4 a5 19.bxa5 Ra8 20.a6 Rfd8 21.Rb1 Bc8 22.Bc4 Be7
23.Rb6 Bxc5 24.Rxc6 Qa7 25.Qc2 Bd7 26.Ne5 Be8 27.Bxe6 Bd6 28.Rxd6 Rxd6 29.Bc8 Bb5
30.a4 Bxa4 31.Qc4 Bb5 32.Qxb5 Rxc8 33.Nc6 Qc7 34.Ne7+ Qxe7 35.Rxe7 Rc1+ 36.Qf1 Rxf1+
37.Kxf1 Kf8 38.a7  1-0

[Event "Bourbon Lancy op"]
[Site "Bourbon Lancy"]
[Date "1998.10.30"]
[Round "8"]
[White "Inkiov, Ventzislav"]
[Black "Guedon, Stephanne"]
[Result "1-0"]
[WhiteElo "2495"]
[BlackElo "2305"]

1.d4 Nf6 2.c4 e6 3.Nf3 b6 4.Nc3 Bb7 5.e3 Bb4 6.Bd3 Ne4 7.Qc2 f5 8.O-O Bxc3
9.bxc3 O-O 10.Nd2 Qh4 11.f3 Ng5 12.Qd1 Rf6 13.Qe1 Qh5 14.e4 Nc6 15.Nb3 fxe4
16.Bxg5 Qxg5 17.Bxe4 Re8 18.c5 Ba6 19.Rf2 Ne7 20.g3 Nd5 21.Kh1 Rh6 22.f4 Qh5
23.Bf3 Qg6 24.Be4 Qh5 25.Rg2 Nf6 26.g4 Nxg4 27.Qg3 Qxh2+ 28.Rxh2 Nxh2 29.Kg2 Be2
30.Re1 Bg4 31.Rh1 Bf5 32.Qd3 Ng4 33.Rxh6 Nxh6 34.Nd2 Ng4 35.Nf3 g6 36.Ne5 Nf6
37.Bxf5 exf5 38.Qc4+  1-0

[Event "Chigorin mem"]
[Site "St. Petersburg"]
[Date "1998.11.01"]
[Round "2"]
[White "Shchukin, Dmitry"]
[Black "Loginov, Valery A"]
[Result "0-1"]
[WhiteElo "2400"]
[BlackElo "2520"]

1.d4 Nf6 2.c4 e6 3.Nf3 b6 4.Nc3 Bb7 5.Bg5 Be7 6.e3 h6 7.Bxf6 Bxf6 8.Be2 O-O
9.O-O c5 10.Rc1 d6 11.Qd2 Na6 12.Rfd1 Qe7 13.e4 cxd4 14.Nxd4 Nc5 15.Qe3 a5
16.Ndb5 Rad8 17.Rc2 Rd7 18.Rcd2 Rfd8 19.g3 Bc6 20.h4 g6 21.Bf3 Bg7 22.h5 g5
23.Bg4 Kh8 24.Re2 Rg8 25.Red2 Be5 26.Nd4 Ba8 27.Kh2 Rdd8 28.Re2 Nd7 29.Nf3 Nf6
30.Nxe5 dxe5 31.Bf3 Rxd1 32.Nxd1 Rd8 33.Nc3 Rd4 34.b3 Qd8 35.Kg2 Rd3 36.Qc1 g4
37.Qxh6+ Nh7 38.Bxg4  0-1

[Event "SLO-chT"]
[Site "Bled"]
[Date "1998.11.07"]
[Round "1"]
[White "Kozul, Zdenko"]
[Black "Cvitan, Ognjen"]
[Result "1-0"]
[WhiteElo "2570"]
[BlackElo "2525"]

1.d4 Nf6 2.c4 e6 3.Nf3 b6 4.Nc3 Bb7 5.a3 d5 6.cxd5 Nxd5 7.e3 Nf6 8.Bd3 c5
9.O-O Nbd7 10.Qe2 Be7 11.dxc5 Bxc5 12.e4 O-O 13.Bg5 Qb8 14.Rad1 Rc8 15.Bb5 Ne5
16.Bf4 Nxf3+ 17.Qxf3 e5 18.Bg5 Be7 19.Bxf6 Bxf6 20.Rd3 a6 21.Ba4 Rd8 22.Rxd8+ Qxd8
23.Rd1 Qf8 24.Bb3 Rd8 25.Bd5 Bc8 26.Rc1 Bg5 27.Rc2 Bd7 28.g3 g6 29.h4 Be7
30.Bb3 Bc6 31.Nd5 Bxd5 32.Bxd5 Kg7 33.Rc7 Rd6 34.Qc3 f6 35.Ra7 Qd8 36.Rxa6 h5
37.Ra8 Qd7 38.Rb8 Qh3 39.Rb7  1-0

[Event "BL2-O9899"]
[Site "Germany"]
[Date "1998.11.22"]
[Round "2.8"]
[White "Ahner, Andreas"]
[Black "Kaeppel, Roland"]
[Result "1-0"]
[WhiteElo "2235"]
[BlackElo "2135"]

1.d4 Nf6 2.c4 e6 3.Nf3 b6 4.Nc3 Bb7 5.a3 d5 6.cxd5 Nxd5 7.Qc2 Be7 8.Bd2 O-O
9.e4 Nxc3 10.Bxc3 Nd7 11.Rd1 Rc8 12.Bb5 c6 13.Bc4 Qc7 14.O-O a6 15.Qe2 b5
16.Ba2 c5 17.dxc5 Nxc5 18.Bb1 Rfd8 19.Rc1 Qb8 20.Qe3 Na4 21.Bd4 Bc5 22.Bxc5  1-0

[Event "BL9899 (Women)"]
[Site "Germany"]
[Date "1998.12.05"]
[Round "5.3"]
[White "Litinskaya, Marta I"]
[Black "Jahn, Constanze"]
[Result "1-0"]
[WhiteElo "2390"]
[BlackElo "2175"]

1.d4 Nf6 2.c4 e6 3.Nf3 b6 4.Nc3 Bb4 5.Qb3 a5 6.g3 Nc6 7.Bg2 a4 8.Qc2 Bb7
9.O-O Bxc3 10.Qxc3 Ne4 11.Qc2 Nb4 12.Qb1 d5 13.Bf4 O-O 14.Rd1 Qe7 15.Ne5 f6
16.Nd3 Nc6 17.Be3 Na5 18.cxd5 exd5 19.Qc2 Nc4 20.Bf4 g5 21.Bc1 Rfe8 22.Re1 Qf7
23.Rb1 Ned6 24.b3 axb3 25.axb3 Na3 26.Bxa3 Rxa3 27.Qb2 Rea8 28.Ra1 Rxa1 29.Rxa1 Rxa1+
30.Qxa1 Qe8 31.Qb2 Kg7 32.Qc2 Nb5 33.e3 Qa8 34.Bf1 Qa1 35.Nc1 Nc3 36.Kg2 Bc8
37.Bd3 h6 38.Na2 Qxa2 39.Qxc3 Qa7 40.Qc6 Qb8 41.h3 Qb7 42.Qe8 f5 43.Qe7+ Kg8
44.g4 c5 45.Qe8+ Kg7 46.gxf5 c4 47.bxc4 dxc4+ 48.Be4 Qd7 49.f6+ Kxf6 50.Qf8+  1-0

[Event "SVK-chT2A 9899"]
[Site "SVK"]
[Date "1998.12.05"]
[Round "5"]
[White "Strieborny, Martin"]
[Black "Sukuba, Zdenek"]
[Result "0-1"]
[WhiteElo "2065"]
[BlackElo "2110"]

1.d4 Nf6 2.Nf3 e6 3.c4 b6 4.Nc3 Bb7 5.Bg5 Be7 6.e3 d5 7.Bd3 Nbd7 8.O-O O-O
9.Rc1 c5 10.Ne5 dxc4 11.Bxc4 Rc8 12.Qb3 cxd4 13.exd4 Nxe5 14.dxe5 Nd7 15.Bxe7 Qxe7
16.Rfe1 Qg5 17.Ne4 Bxe4  0-1

[Event "Groningen op"]
[Site "Groningen"]
[Date "1998.12.26"]
[Round "6"]
[White "Radziewicz, Iweta"]
[Black "Sturua, Zurab"]
[Result "0-1"]
[WhiteElo "2425"]
[BlackElo "2600"]

1.d4 Nf6 2.Nf3 e6 3.c4 b6 4.Nc3 Bb4 5.Bd2 Ba6 6.e3 O-O 7.Be2 c5 8.a3 Bxc3
9.Bxc3 Ne4 10.Qc2 d5 11.O-O Nd7 12.Rfd1 Rc8 13.dxc5 Nxc3 14.bxc3 Rxc5 15.cxd5 Bxe2
16.Qxe2 exd5 17.Rd4 Qc7 18.Nd2 Rxc3 19.Rxd5 Nf6 20.Rd3 Rc2 21.Qd1 g6 22.h3 Rc8
23.Qf3 Qe5 24.Rd1 Kg7 25.Qb7 R8c7 26.Qa8 Qe7 27.Qf3 R2c3 28.Rxc3 Rxc3 29.Nb1 Rc2
30.Qf4 Qc5 31.Kh2 Rb2 32.e4 Rxf2  0-1

[Event "Ambassador op"]
[Site "Bern"]
[Date "1998.12.27"]
[Round "3"]
[White "Huss, Andreas"]
[Black "Razuvaev, Yuri S"]
[Result "1/2-1/2"]
[WhiteElo "2355"]
[BlackElo "2560"]

1.d4 Nf6 2.Nf3 e6 3.c4 b6 4.Nc3 Bb4 5.Qc2 Bb7 6.a3 Bxc3+ 7.Qxc3 O-O 8.e3 d6
9.Bd3 Nbd7 10.O-O Ne4 11.Qc2 f5 12.Nd2 Qh4 13.f3 Nxd2 14.Bxd2 Rf6 15.Be1 Qh6
16.Qe2 e5 17.Bc3 Re8 18.Bc2 Qh5 19.Ba4 Qf7  1/2-1/2

[Event "Bayern-ch Bank Hofmann 2nd"]
[Site "Bad Wiesse"]
[Date "1998.??.??"]
[Round "8"]
[White "Medancic, Rikard"]
[Black "Sturua, Zurab"]
[Result "0-1"]
[WhiteElo "2330"]
[BlackElo "2600"]

1.d4 Nf6 2.c4 e6 3.Nf3 b6 4.Nc3 Bb7 5.Bg5 h6 6.Bh4 Be7 7.e3 O-O 8.Bd3 c5
9.O-O d6 10.dxc5 bxc5 11.Qe2 Nbd7 12.Rfd1 Qb6 13.b3 Rfe8 14.Rac1 Rad8 15.h3 Bc6
16.Bg3 Qb7 17.e4 Nf8 18.Nd2 d5 19.e5 N6d7 20.cxd5 exd5 21.Bb5 Nb6 22.Bxc6 Qxc6
23.Nf3 Qb7 24.a4 a6 25.Rb1 Ne6 26.Qd2 d4 27.Ne2 Nd5 28.Qd3 Rb8 29.Kh2 Nb4
30.Qc4 Nd5 31.Nd2 Red8 32.Qd3 Nb4 33.Qe4 Qxe4 34.Nxe4 Nc6 35.f4 g6 36.Nd2 Na5
37.Rf1 Ng7 38.Nc1 Nf5 39.Nd3 Rb7 40.Rfc1 Rdb8 41.Nxc5 Bxc5 42.Rxc5 Nxb3 43.Nxb3 Rxb3
44.Rxb3 Rxb3 45.Be1 Rb2 46.Rc8+ Kg7 47.Ba5 g5 48.fxg5 hxg5 49.Kh1 Re2 50.Rd8 Rxe5
51.Bb6 Kh6 52.g4 Nh4 53.Kg1 Re3 54.Kf2  0-1

[Event "Regionalliga SW9798"]
[Site "Bayern"]
[Date "1998.??.??"]
[Round "?"]
[White "Lechner, Marco"]
[Black "Schulz, Juergen2"]
[Result "1/2-1/2"]
[WhiteElo "1610"]
[BlackElo "2040"]

1.d4 Nf6 2.c4 e6 3.Nf3 b6 4.Nc3 Bb7 5.e3 Bb4 6.Bd2 O-O 7.Bd3 Bxc3 8.Bxc3 Ne4
9.Rc1 d6 10.O-O f5 11.Qe2 Nd7 12.Nd2 Nxc3 13.Rxc3 e5 14.f3 Qe7 15.d5 a5 16.e4 f4
17.Rfc1 Rf6 18.b3 c5 19.a3 Rg6 20.Qf2 Bc8 21.Rb1 h5 22.Kh1 h4 23.Rcc1 Rh6
24.h3 Nf6 25.Rg1 Nh5 26.Rb2 Rg6 27.Kh2 Rg3 28.Nb1 Bd7 29.b4 Qd8 30.bxc5 bxc5
31.Nc3 Qc8 32.Bf1 Nf6 33.Qe1 Nh7 34.Ne2  1/2-1/2

[Event "Biel op"]
[Site "Biel"]
[Date "1998.??.??"]
[Round "3"]
[White "Mikhalevski, Alexander"]
[Black "Polak, Tomas"]
[Result "1-0"]
[WhiteElo "2485"]
[BlackElo "2500"]

1.d4 Nf6 2.c4 e6 3.Nf3 b6 4.Nc3 Bb7 5.a3 d5 6.Bg5 Be7 7.Qa4+ c6 8.cxd5 exd5
9.e3 Nbd7 10.Bd3 O-O 11.O-O Re8 12.Rac1 a5 13.Qc2 Nf8 14.Ne5 N6d7 15.Nxd7 Bxg5
16.Nxf8 Kxf8 17.Na4 Rb8 18.b4 axb4 19.axb4 h5 20.b5 Re6 21.Qe2 Rh6 22.bxc6 Bxc6
23.Bb5 Bb7 24.Nb2 Be7 25.Nd3 Bd6 26.f4 Bc8 27.Qf3 Ba3 28.Rc6 Bd6 29.Ne5 Bb7
30.Rxb6 Kg8 31.Nd7 Bc8 32.Rxb8 Bxb8 33.Ne5 Bxe5 34.fxe5 Be6 35.Ra1 h4 36.h3 f6
37.Bc6 Kh7 38.Ra6 Qe7 39.Bxd5  1-0

[Event "Biel op"]
[Site "Biel"]
[Date "1998.??.??"]
[Round "9"]
[White "Mikhalevski, Alexander"]
[Black "Kunte, Abhijit"]
[Result "1-0"]
[WhiteElo "2485"]
[BlackElo "2460"]

1.d4 Nf6 2.c4 e6 3.Nf3 b6 4.Nc3 Bb4 5.Qc2 Bb7 6.a3 Bxc3+ 7.Qxc3 d6 8.g3 Nbd7
9.Bg2 Rc8 10.O-O c5 11.b3 cxd4 12.Nxd4 Bxg2 13.Kxg2 a6 14.Qb2 O-O 15.f3 Qc7
16.e4 Qb7 17.a4 Rfe8 18.Qd2 Nc5 19.Kg1 Red8 20.Qe3 d5 21.cxd5 exd5 22.e5 Ne8
23.Bb2 Ne6 24.f4 Nxd4 25.Bxd4 b5 26.f5 Rc2 27.e6 b4 28.Rac1 Rdc8 29.Rxc2 Rxc2
30.f6 g6 31.e7 Qc6 32.Qh6 Qe6 33.Qf8+  1-0

[Event "Bucharest Fest GM"]
[Site "Bucharest"]
[Date "1998.??.??"]
[Round "?"]
[White "Rogozenko, Dorin"]
[Black "Itkis, Boris"]
[Result "1-0"]
[WhiteElo "2435"]
[BlackElo "2465"]

1.d4 Nf6 2.c4 e6 3.Nf3 b6 4.Nc3 Bb7 5.a3 d5 6.cxd5 Nxd5 7.Qc2 Nxc3 8.bxc3 c5
9.e4 Nd7 10.Bd3 Rc8 11.Qe2 Be7 12.e5 cxd4 13.cxd4 h6 14.h4 g6 15.Kf1 Kf8
16.Rh3 Nb8 17.Bb2 Bd5 18.h5 g5 19.Nd2 Nc6 20.Kg1 f5 21.exf6 Bxf6 22.Qg4 Qd6
23.Ne4 Bxe4 24.Bxe4 Kg7 25.Bxc6 Qxc6 26.Re1 Rhe8 27.Rhe3 Qd5 28.Qd1 Qf5 29.Ba1 Rcd8
30.Rf3 Qh7 31.d5 e5 32.Qa4 Re7 33.Qc6 Rf8 34.d6 Ref7 35.d7  1-0

[Event "Budapest FS09 IM-A"]
[Site "Budapest"]
[Date "1998.??.??"]
[Round "2"]
[White "Szeberenyi, Adam"]
[Black "Paschall, William M"]
[Result "1/2-1/2"]
[WhiteElo "2230"]
[BlackElo "2365"]

1.d4 Nf6 2.c4 e6 3.Nf3 b6 4.Nc3 Bb7 5.a3 d5 6.cxd5 exd5 7.g3 Be7 8.Bg2 O-O
9.O-O Nbd7 10.Bf4 a6 11.Ne5 Re8 12.Qb3 Nf8 13.e4 c6 14.exd5 cxd5 15.Rac1 Ne6
16.Be3 Ne4 17.Rfd1 Nxc3 18.Rxc3 Qd6 19.Rdc1 Bf6 20.Nc6 Nd8 21.Bxd5 Bxc6 22.Bxc6 Nxc6
23.Rxc6 Qd8 24.Qxb6 Qd5 25.Qc5 Qf3 26.Rc8 Qg4 27.Rxe8+ Rxe8 28.b4 h5 29.Qc6 Rd8
30.Qxa6 h4 31.Qc6 h3 32.b5 Bxd4 33.Bxd4 Qxd4 34.Qf3 Qb2 35.Rf1 Qxb5 36.Qg4 Qd3
37.Qxh3 Qxa3 38.Qg2 Qb3 39.Re1 Rd1 40.Qa8+ Kh7 41.Qe4+ Kg8 42.Rxd1 Qxd1+
43.Kg2 g6 44.h4 Qd8 45.Kh3 Qd7+ 46.g4 Qd1 47.Kg2 Kg7 48.f3 Qc1 49.h5 gxh5
50.gxh5  1/2-1/2

[Event "Budapest FS06 IM"]
[Site "Budapest"]
[Date "1998.??.??"]
[Round "3"]
[White "Szeberenyi, Adam"]
[Black "Orso, Miklos"]
[Result "1/2-1/2"]
[WhiteElo "2220"]
[BlackElo "2360"]

1.d4 Nf6 2.c4 e6 3.Nf3 b6 4.Nc3 Bb7 5.a3 d5 6.cxd5 Nxd5 7.Qc2 Nxc3 8.bxc3 Be7
9.e4 O-O 10.Bd3 c5 11.O-O Qc7 12.Qe2 Rd8 13.Bb2 Nc6 14.d5 exd5 15.exd5 Rxd5
16.Bxh7+ Kxh7 17.Qe4+ Kg8 18.Qxd5 Nd4 19.Qh5 Nxf3+ 20.gxf3 Bf6 21.Rfe1 g6
22.Qg4 Kg7 23.Rad1 Rd8 24.Bc1 Rxd1 25.Rxd1 Qe5 26.Be3 Qxc3 27.Kg2 Qb3 28.Rd6 Be7
29.Rd2 Bc6 30.Bf4 Qc3 31.Re2 Bf6 32.h4 Bb5 33.Rd2 Qa1 34.h5 Bc3 35.Rc2 Bd3
36.Rc1 Qb2 37.hxg6 Bxg6 38.Be3 Qxa3 39.Qf4 Qb2 40.Qh6+ Kg8 41.Rd1 Bd4 42.Bxd4 cxd4
43.Qf4 d3 44.Qb8+ Kg7 45.Rh1 f6 46.Qc7+  1/2-1/2

[Event "Moravia-chT 9899"]
[Site "CZE"]
[Date "1998.??.??"]
[Round "2"]
[White "Obsivac, Josef"]
[Black "Augustin, Josef"]
[Result "1/2-1/2"]
[WhiteElo "2350"]
[BlackElo "2385"]

1.d4 Nf6 2.c4 e6 3.Nf3 b6 4.Nc3 Bb7 5.Qc2 c5 6.e4 cxd4 7.Nxd4 d6 8.Be2 Nc6
9.Be3 Nxd4 10.Bxd4 Be7 11.O-O-O O-O 12.e5 dxe5 13.Bxe5 Qc8 14.Bd3 h6  1/2-1/2

[Event "POL-ch sf"]
[Site "Czestochowa"]
[Date "1998.??.??"]
[Round "3"]
[White "Sapis, Witalis"]
[Black "Jakubowski, Krzysztof"]
[Result "1/2-1/2"]
[WhiteElo "2385"]
[BlackElo "2235"]

1.d4 Nf6 2.Nf3 e6 3.c4 b6 4.Nc3 Bb7 5.Qc2 c5 6.dxc5 Bxc5 7.Bg5 h6 8.Bh4 Na6
9.e3 O-O 10.Rd1 Be7 11.Be2 Nc5 12.Rd4 d5 13.O-O Nfe4 14.Nxe4 Nxe4 15.Bxe7 Qxe7
16.cxd5 exd5 17.Rdd1 Rfc8 18.Qb3 Rc5 19.Nd4 Rac8 20.Bg4 Re8 21.Be2  1/2-1/2

[Event "Centrocoop June op-A"]
[Site "Eforie Nord "]
[Date "1998.??.??"]
[Round "?"]
[White "Moldovan, Zamfir"]
[Black "Anghel, Valentin"]
[Result "0-1"]
[WhiteElo "2150"]
[BlackElo "2120"]

1.d4 Nf6 2.c4 e6 3.Nf3 b6 4.Nc3 Bb4 5.g3 Bb7 6.Bg2 O-O 7.O-O d5 8.cxd5 Nxd5
9.Nb1 Nd7 10.a3 Be7 11.Nbd2 c5 12.e4 N5f6 13.e5 Nd5 14.dxc5 Nxc5 15.Nc4 Ba6
16.b3 Rc8 17.Nfd2 Qc7 18.Bxd5 exd5 19.Ne3 Bxf1 20.Nxd5 Qxe5 21.Nxe7+ Qxe7
22.Nxf1 Rfd8 23.Qf3 Rd3 24.Qg4 Rcd8 25.Bb2 f6 26.b4 Nb3 27.Re1 Qxe1 28.Bxf6 R8d7
29.Bxg7 Rxg7 30.Qc4+ Rf7 31.Qxd3 Qxf2+  0-1

[Event "Centrocoop June op-B"]
[Site "Eforie Nord"]
[Date "1998.??.??"]
[Round "?"]
[White "Veneteanu, Ion Cristian"]
[Black "Soltanici, Ruslan"]
[Result "1/2-1/2"]
[WhiteElo "2150"]
[BlackElo "2045"]

1.d4 Nf6 2.c4 e6 3.Nc3 b6 4.Nf3 Bb7 5.Bg5 Be7 6.Qc2 c5 7.e4 cxd4 8.Nxd4 O-O
9.O-O-O a6 10.Bd3 h6 11.Bh4 Qc7 12.Kb1 d6 13.Rhg1 Nbd7 14.f4 Nc5 15.Nb3  1/2-1/2

[Event "Centrocoop Sept op-A"]
[Site "Eforie Nord"]
[Date "1998.??.??"]
[Round "?"]
[White "Vioreanu, Bogdan"]
[Black "Stoliarov, Alexandr"]
[Result "0-1"]
[WhiteElo "2025"]
[BlackElo "2255"]

1.d4 Nf6 2.Nf3 e6 3.c4 b6 4.Nc3 Bb7 5.e3 Be7 6.Bd3 d6 7.O-O O-O 8.b3 Nbd7
9.Bb2 a5 10.Qc2 g6 11.e4 Ne8 12.Rfe1 Bf6 13.Rad1 Bg7 14.Qe2 h6 15.Bb1 Qc8
16.Ba3 e5 17.Nd5 Bxd5 18.exd5 Kh7 19.Bb2 exd4 20.Bxd4 Nef6 21.Qb2 Re8 22.h4 Rxe1+
23.Rxe1 Qf8 24.a3 Re8 25.Rxe8 Qxe8 26.b4 axb4 27.axb4 Nh5 28.Bxg7 Nxg7 29.Kf1 Qe7
30.Qd4 Kg8 31.Qf4 Ne5 32.g3 Nxf3 33.Qxf3 Qe5 34.Qa3 Qd4 35.Qb3 Nh5 36.Bd3 Nf6
37.f3 Kg7 38.Be2 Nd7 39.Ke1 Qg1+ 40.Kd2 Qxg3 41.Qc3+ Qe5 42.Qxe5+ Nxe5 43.Ke3 f5
44.f4 Nd7 45.Kd4 g5 46.hxg5 hxg5 47.fxg5 Kg6 48.Bd1 Kxg5 49.Ba4 Ne5 50.c5 Kg4
51.cxb6 cxb6 52.Bb5 Kf3 53.Ba6 f4 54.Bb5 Ng4 55.Ba6 Nf6 56.Bd3 Kf2 57.Kc4 Ke3
58.Bf1 Ke4 59.Bd3+ Ke5 60.Kb5 Nxd5 61.Bc4 f3  0-1

[Event "FIN-ch"]
[Site "FIN"]
[Date "1998.??.??"]
[Round "5"]
[White "Norri, Joose"]
[Black "Sammalvuo, Tapani"]
[Result "1/2-1/2"]
[WhiteElo "2405"]
[BlackElo "2395"]

1.d4 Nf6 2.c4 e6 3.Nf3 b6 4.Nc3 Bb4 5.e3 Ne4 6.Qc2 Bxc3+ 7.bxc3 Bb7 8.Bd3 f5
9.O-O O-O 10.Ne1 Qh4 11.f3 Ng5 12.a4 a5 13.Ba3 d6 14.c5 bxc5 15.dxc5 Nf7
16.Qb3 Bd5 17.c4 Bc6 18.cxd6 cxd6 19.c5 Bd5 20.Qc2 dxc5 21.e4 fxe4 22.fxe4 Bc6
23.Qxc5 Rc8 24.Nf3 Qd8 25.Ne5 Nd7 26.Nxc6 Nxc5 27.Nxd8 Rxd8 28.Bc4 Nd6 29.Ba2 Ncxe4
30.Bxe6+ Kh8 31.Rad1 Re8 32.Bd5 Rac8 33.Rd4 Nc3 34.Bf3 Nc4 35.Bc1 Ne5 36.Bh5 g6
37.Bd1 Nxd1 38.Rfxd1 Kg8 39.Bb2 Nc4 40.Bc1 Ne3 41.Re1 Nc2 42.Rxe8+ Rxe8 43.Rd1 Re4
44.Bh6 Rh4 45.Rd2 Rxh6 46.Rxc2 Rh4 47.Rc7 Rxa4 48.Ra7 h5 49.h4 Kf8 50.Kf2 Rxh4
51.Rxa5 Ke7 52.Ra7+ Kf6 53.Ra6+ Kg5 54.Ra5+ Kh6 55.Rb5 Rg4 56.g3 Rg5 57.Rb4 Ra5
58.Kf3 Ra3+ 59.Kg2 Ra5 60.Kf3 Kg5 61.Rc4 Kf5 62.Rf4+ Ke5 63.Re4+ Kf5 64.Rf4+ Kg5
65.Rc4 Re5 66.Rb4 Kf6 67.Rb6+ Kf5 68.Rb4 g5  1/2-1/2

[Event "NRW-Liga II 9899"]
[Site "GER"]
[Date "1998.??.??"]
[Round "4"]
[White "Krug, Reinhard"]
[Black "Konson, Konstantin"]
[Result "1-0"]
[WhiteElo "2035"]
[BlackElo "2240"]

1.d4 Nf6 2.Nf3 e6 3.c4 b6 4.Nc3 Bb7 5.Bg5 h6 6.Bf4 Bb4 7.Qc2 Be4 8.Qb3 Nc6
9.e3 a5 10.Nd2 a4 11.Nxa4 Bxd2+ 12.Kxd2 Nh5 13.Bg3 Nxg3 14.hxg3 Qf6 15.f3 Bh7
16.Ke1 O-O 17.Nc3 Ra5 18.Rd1 Rg5 19.Kf2 Ra8 20.a3 Ne7 21.Bd3 Bxd3 22.Rxd3 d5
23.g4 Rxg4 24.cxd5 Rxg2+ 25.Kxg2 Qg6+ 26.Kf2 Qxd3 27.dxe6 f6 28.Rd1 Qf5 29.e4 Qf4
30.Nd5 Qh4+ 31.Ke2 Re8 32.Nxe7+ Rxe7 33.d5 g5 34.Qe3 Qh2+ 35.Qf2 Qf4 36.Qe3 Qh2+
37.Qf2 Qd6 38.Qd4 Kg7 39.Rc1 Kg6 40.Kd3 h5 41.e5 Qxe5 42.Qxe5 fxe5 43.Ke4 Kf6
44.a4 h4 45.Rh1 c6 46.dxc6 Kxe6 47.Rc1 Kd6 48.b4 h3 49.b5 h2 50.Rd1+ Ke6
51.a5 Rh7 52.axb6 Rh4+ 53.Ke3 Rd4 54.Rh1 Kd6 55.Rxh2 Rb4 56.Rc2  1-0

[Event "BL9798 (Women)"]
[Site "Germany"]
[Date "1998.??.??"]
[Round "?.2"]
[White "Litinskaya, Marta I"]
[Black "Bojkovic, Natasa"]
[Result "1-0"]
[WhiteElo "2335"]
[BlackElo "2415"]

1.d4 Nf6 2.c4 e6 3.Nf3 b6 4.Nc3 Bb4 5.Qb3 a5 6.g3 Bb7 7.Bg2 Ne4 8.O-O Nxc3
9.bxc3 Be7 10.c5 Be4 11.cxb6 cxb6 12.Ne5 Bxg2 13.Kxg2 a4 14.Qb2 Nc6 15.Nc4 Na5
16.Nxa5 Rxa5 17.Rb1 Ra6 18.Qb5 Qc8 19.c4 O-O 20.Be3 Bd8 21.Bd2 Ra8 22.Rfc1 Re8
23.f3 Qc6 24.e4 f5 25.e5 Bc7 26.Be3 Ra5 27.Qxc6 dxc6 28.f4 Bd8 29.Kf3 Kf7
30.Ke2 Re7 31.Bd2 Ra6 32.Bb4 Rd7 33.Bd6 Be7 34.Bxe7 Kxe7 35.Ke3 Kd8 36.d5 cxd5
37.cxd5 exd5 38.Rc6 d4+ 39.Kd3 a3 40.Rbxb6 Raa7 41.Rb8+ Ke7 42.Rg8 g6 43.Rg7+ Kd8
44.Rd6 Rxd6 45.Rxa7 Rb6 46.Rxa3 Rb2 47.Kxd4 Rxh2 48.Kd5 Ke7 49.Ra7+ Kf8 50.Ke6  1-0

[Event "Oberliga Ost A9798"]
[Site "Germany"]
[Date "1998.??.??"]
[Round "?.4"]
[White "Hanak, Christian"]
[Black "Winterfeld, Dirk"]
[Result "1/2-1/2"]
[WhiteElo "2100"]
[BlackElo "2215"]

1.d4 Nf6 2.Nf3 e6 3.c4 b6 4.Nc3 Bb7 5.e3 Be7 6.Bd3 d5 7.O-O O-O 8.cxd5 exd5
9.Ne5 Nbd7 10.f4 Ne4 11.Nxe4 dxe4 12.Bc4 Nf6 13.Qb3 Bd5 14.Rd1 Qd6 15.Bd2 a5
16.a4 Rac8 17.Bc3 Qe6 18.Rac1 Bxc4 19.Qxc4 Qxc4 20.Nxc4 Nd5 21.Kf2 f6 22.Nd2 f5
23.Nc4 Kf7 24.Ne5+ Ke6 25.Nc6 Bd6 26.g3 Ra8  1/2-1/2

[Event "BL2-O9798"]
[Site "Germany"]
[Date "1998.??.??"]
[Round "4.7"]
[White "Prochnow, Mario"]
[Black "Fuss, Michael"]
[Result "1-0"]
[WhiteElo "2260"]
[BlackElo "2195"]

1.d4 Nf6 2.c4 e6 3.Nf3 b6 4.Nc3 Bb7 5.a3 Be7 6.d5 O-O 7.e4 d6 8.Bd3 c6 9.dxe6 fxe6
10.Ng5 Bc8 11.f4 e5 12.f5 Na6 13.O-O h6 14.Nf3 Qe8 15.Nh4 Nxe4 16.Nxe4 Bxh4
17.Nxd6 Qe7 18.Nxc8 Raxc8 19.Qg4 Rcd8 20.Bc2 Qc5+ 21.Kh1 Rd4 22.Qg6 Qe7 23.f6 Bxf6
24.Bxh6 e4 25.Be3 Rxc4 26.Bb3 b5 27.Rf4 Bxb2 28.Raf1 Rf6 29.Rxf6 Bxf6 30.Qf5 Qxa3
31.Bxc4+ bxc4 32.Qe6+ Kh7 33.Qxe4+ Kg8 34.Qxc4+ Kh7 35.Rf3 Qa1+ 36.Bg1 Qa5
37.Qf7 Qe5 38.Rh3+  1-0

[Event "BL2-N9798"]
[Site "Germany"]
[Date "1998.??.??"]
[Round "7.4"]
[White "Von Herman, Ulf"]
[Black "Meier, Volker"]
[Result "1-0"]
[WhiteElo "2375"]
[BlackElo "2285"]

1.d4 Nf6 2.c4 e6 3.Nf3 b6 4.Nc3 Bb4 5.Qb3 a5 6.a3 Bxc3+ 7.Qxc3 Bb7 8.Bg5 h6
9.Bh4 d6 10.e3 g5 11.Bg3 Ne4 12.Qc2 Nd7 13.Nd2 Ndf6 14.f3 Nxg3 15.hxg3 c5
16.Qc3 Ke7 17.Bd3 Qc7 18.g4 Rac8 19.b4 d5 20.dxc5 axb4 21.axb4 bxc5 22.Kf2 h5
23.bxc5 dxc4 24.Ra7 Ra8 25.Rha1 Rxa7 26.Rxa7 Ra8 27.Rxa8 Bxa8 28.Qxc4 hxg4
29.fxg4 Qc6 30.Bf1 Qd5 31.Qb4 Bc6 32.Kg1 Nd7 33.Nb3 Ne5 34.Nd4 Nd7 35.Nb3 Ne5
36.Qb6 Nxg4 37.Nd4 Ne5 38.Qb8 g4 39.Qxe5 Qxe5 40.Nxc6+ Kf6 41.Nxe5 Kxe5 42.e4 f5
43.exf5 exf5 44.Bc4  1-0

[Event "4 Landerkampf"]
[Site "Hessen"]
[Date "1998.??.??"]
[Round "2"]
[White "Schlecht, Daniel"]
[Black "Vatter, Hans Joachim"]
[Result "1/2-1/2"]
[WhiteElo "2300"]
[BlackElo "2290"]

1.d4 Nf6 2.c4 e6 3.Nf3 b6 4.Nc3 Bb7 5.Bg5 Be7 6.e3 Ne4 7.Bxe7 Qxe7 8.Nxe4 Bxe4
9.Bd3 Qb4+ 10.Qd2 Qxd2+ 11.Kxd2 Bxd3 12.Kxd3 d6 13.Nd2 a5 14.g4 Nd7 15.Ne4 Ke7
16.f4 h6 17.b3 Nf6 18.h3 Nxe4 19.Kxe4 c6 20.Kd3 b5 21.Rhc1 Kd7 22.cxb5 cxb5
23.a3 Rac8 24.e4 Rxc1 25.Rxc1 h5 26.g5 Rc8 27.Rxc8  1/2-1/2

[Event "HUN-chT9899"]
[Site "HUN"]
[Date "1998.??.??"]
[Round "?"]
[White "Petran, Pal"]
[Black "Kovacs, Gabor"]
[Result "1-0"]
[WhiteElo "2395"]
[BlackElo "2340"]

1.d4 Nf6 2.c4 e6 3.Nf3 b6 4.Nc3 Bb4 5.Qb3 c5 6.Bg5 h6 7.Bh4 Nc6 8.O-O-O Na5
9.Qc2 Ba6 10.d5 Bxc4 11.e4 Bxc3 12.Bxc4 Bd4 13.dxe6 dxe6 14.Bb5+ Kf8 15.Kb1 a6
16.Nxd4 cxd4 17.Be2 Qd7 18.f4 Nc6 19.Rc1 Ne7 20.Rhd1 Ng6 21.Bf2 Nxf4 22.Bxd4 Qb7
23.Bf3 Ne8 24.Qd2 Qb8 25.Qb4+ Kg8 26.Bxb6 Qe5 27.Bd4 Qb8 28.Qxb8 Rxb8 29.Be5  1-0

[Event "HUN-chT 9798"]
[Site "Hungary"]
[Date "1998.??.??"]
[Round "?"]
[White "Czebe, Attila"]
[Black "Kiss, Attila"]
[Result "1/2-1/2"]
[WhiteElo "2325"]
[BlackElo "2425"]

1.d4 Nf6 2.c4 e6 3.Nf3 b6 4.Nc3 Bb7 5.Bg5 h6 6.Bh4 g5 7.Bg3 Nh5 8.e3 Nxg3
9.hxg3 Bg7 10.Bd3 Nc6 11.Rc1 g4 12.Nh4 h5 13.a3 a6 14.b4 Qe7 15.c5 Rh6 16.d5 Bxc3+
17.Rxc3 exd5 18.Nf5 Qf6 19.Rc1 Rh8 20.cxb6 cxb6 21.Bb1 Ne7 22.Qd4 Qxd4 23.Nd6+ Kf8
24.exd4 Bc6 25.Bd3  1/2-1/2

[Event "HUN-chT 9798"]
[Site "Hungary"]
[Date "1998.??.??"]
[Round "?"]
[White "Husek, Zdenek"]
[Black "Csonka, Attila"]
[Result "1-0"]
[WhiteElo "2265"]
[BlackElo "2210"]

1.d4 Nf6 2.c4 e6 3.Nf3 b6 4.Nc3 Bb4 5.g3 Bb7 6.Bg2 O-O 7.O-O c5 8.d5 exd5
9.Nh4 d6 10.cxd5 Re8 11.h3 Ba6 12.Re1 Nbd7 13.Nf5 Ne5 14.f4 Ng6 15.e4 Bxc3
16.bxc3 Bc8 17.c4 Bxf5 18.exf5 Rxe1+ 19.Qxe1 Nf8 20.Bb2 N6d7 21.Qc3 f6 22.Re1 Rb8
23.a4 Rb7 24.Bf3 Nb8 25.Qe3 Kf7 26.Bh5+ g6 27.fxg6+ hxg6 28.Bg4 f5 29.Qc3 Re7
30.Be2 Ke8 31.h4 Kd7 32.a5 Qe8 33.h5 Rxe2 34.Rxe2 Qxe2 35.h6 Qe7 36.axb6 axb6
37.Qg7 Nh7 38.Kf2 Na6 39.Qxg6 Nc7 40.Qxf5+ Kd8 41.Bg7  1-0

[Event "Independence Cup op"]
[Site "Kiev"]
[Date "1998.??.??"]
[Round "7"]
[White "Zakharchenko, Arnold"]
[Black "Bodnar, Nikolay"]
[Result "1-0"]
[WhiteElo "2315"]
[BlackElo "2365"]

1.d4 Nf6 2.c4 e6 3.Nf3 b6 4.Nc3 Bb4 5.e3 Bb7 6.Bd3 Ne4 7.O-O Bxc3 8.bxc3 f5
9.Nd2 Nxd2 10.Bxd2 O-O 11.f4 Nc6 12.e4 fxe4 13.Bxe4 Na5 14.Bxb7 Nxb7 15.Qe2 Qf6
16.Rae1 Qg6 17.Bc1 Rac8 18.c5 bxc5 19.dxc5 Nxc5 20.Ba3 Rf5 21.Qc4 d6 22.Rf3 Re8
23.Rfe3 Qf7 24.g3 h5 25.Bxc5 Rxc5 26.Qa6 Qf5 27.Qa4 Kf8 28.Qxa7 Qd5 29.Qa6 Ra8
30.Qf1 Re8 31.Qe2 Kf7 32.f5 e5 33.Qxh5+ Ke7 34.Qg5+ Kd7 35.Qxg7+ Kc6 36.f6  1-0